Diálogo de la lengua

Sparad:
Bibliografiska uppgifter
Huvudupphovsman: Valdés, Juan de (Författare, medförfattare)
Materialtyp: Bok
Språk:spanska
Publicerad: Madrid Eds. de la lectura 1928
Serie:Clásicos castellanos, 85
Ämnen:
Taggar: Lägg till en tagg
Inga taggar, Lägg till första taggen!

MARC

LEADER 00000nam a2200000 a 4500
001 UCY2521
003 CL-VaPUC
008 941028e19280000SP |||||||||||||||||spa|d
082 0 4 |a 865  |b VAL  |2 21 
100 0 |a Valdés, Juan de  |e author  |9 321397 
245 1 0 |a Diálogo de la lengua 
300 |a 222 p 
942 |c BK 
945 |d 19941028 00:00:00  |a rbrito 
260 |a Madrid  |b Eds. de la lectura  |c 1928 
650 7 |a ORATORIA ESPAÑOLA  |2 CL-VaPUC  |9 321291 
650 7 |a DIALOGOS ESPAÑOLES  |2 CL-VaPUC  |9 321486 
650 0 |a Literatura española  |9 306261 
650 0 |a Fonética  |9 308371 
650 0 |a Gramática  |9 270497 
650 0 |a Lexicografía  |9 321487 
650 0 |a Lingüística  |9 265068 
583 |a last modification  |c 19941028 00:00:00  |k Rodrigo Vera 
490 0 |a Clásicos castellanos, 85 
999 |c 230899  |d 230897 
952 |0 0  |1 0  |4 0  |6 865_000000000000000_VAL_1928  |7 0  |8 A  |9 233537  |a BIBEDU  |b BIBEDU  |d 2019-11-15  |i 302556K  |o 865 VAL 1928  |p 302556K  |r 2019-11-15  |w 2019-11-15  |y BK  |k LIT